000 00478nam a2200133Ia 4500
008 100328s9999 xx 000 0 und d
082 _b11455
100 _aबाबर सरोजिनी
245 _aराजविलासी केवडा
260 _bमहाराष्ट्र राज्य लोकसाहित्य
630 _aराजविलासी केवडा
730 _aराजविलासी केवडा
942 _cBOOK
999 _c506776
_d506773